000 01048cam a2200301 i 4500
001 27250
003 Mx-PuUPA
005 20231130131841.0
008 140415s1989 nyua fr 000 0 eng d
020 _a0517662981
040 _cMx-PuUPA
_aMx-PuUPA
_bspa
_dMx-PuUPA
_erda
041 0 _aeng
100 1 _aSpeltz, Alexander,
_915173
_eautor
245 1 0 _aThe history of ornament design in the decorative arts /
_cAlexander Speltz
264 1 _aNew York :
_bStudio Editions,
_c1989
300 _aviii, 58páginas :
_bilustraciones (a color) ;
_c34 cm
336 _2rdacontent
_atexto
_btxt
336 _2rdacontent
_aimagen fija
_bsti
337 _2rdamedia
_asin medio
_bn
338 _2rdacarrier
_avolumen
_bnc
650 7 _2armarc
_aDiseño decorativo
_xHistoria
650 7 _2armarc
_aDecoración y ornamentación
_xHistoria
650 7 _2armarc
_aArtes decorativas
942 _2ddc
_cLI
_h745
_iS745
999 _c27250
_d27250